000 00329nam a2200157Ia 4500
100 _aJohn Gray
650 _aFiciton
942 _cBK
366 _f20
245 _aMen are from mars and women are from venus
260 _bHarper collins
_c2008
082 _a808.83/JOH
300 _a286
546 _aENGLISH
999 _c31015
_d31015